00433nam a22001337a 4500008004100000050002500041245007500066260004400141300002300185440002900208500001900237700002300256800002000279161201b xxu||||| |||| 00| 0 eng d aKZ21.B7(1934 vol.15) aThe British year book of international law 1934. /cMilford, Humphrey. aLondon:bOxford University Press,c1934 avi, 240p. :c24cm. pBritish yearbookvvol.34 aIncludes index aMilford, Humphrey. aJ. L., Brierly.